Los arrendamientos urbanos hoy

Detalles Bibliográficos
Autor principal: Zaforteza Soca̕s, Jos ̌Mara̕
Formato: Desconocido
Lenguaje:español
Publicado: Barcelona : Bosch, 2007
Materias:
Acceso en línea:Acceso restringido

MARC

LEADER 00000ny a22000003n 4500
005 20110622105533.0
008 070626s2007 sp s 000 0 spa d
020 |a 8476987919 
035 |a 1994 
040 |a BUC  |d vLex 
040 |a UMA.RE  |d vlex 
080 |a 347.4/.5(460) 
090 |c 990  |d 990 
100 1 |a Zaforteza Soca̕s, Jos ̌Mara̕ 
245 1 4 |a Los arrendamientos urbanos hoy  |h [Recurso electrn̤ico]  |c Jos ̌Mara̕ Zaforteza Soca̕s 
256 |a Servicio en ln̕ea 
260 |a Barcelona :  |b Bosch,  |c 2007 
300 |a 243 p. ;  |c 23 cm 
506 1 |a Contenido solo disponible en los productos indicados  |d vLex Global  |d vLex Global (Academic Edition, excluding Law Schools)  |d vLex Global (U.S. Academic Edition, Law Schools)  |d vLex Global (U.S. Academic Edition, excluding Law Schools)  |d vLex Global (Academic Edition, Law Schools) 
650 0 4 |a Civil  |2 Tesauro vLex 
650 0 4 |a Contrato de arrendamiento  |2 Tesauro vLex 
650 0 4 |a Arrendamientos urbanos  |2 Tesauro vLex 
650 0 4 |a Arrendamientos  |2 Tesauro vLex 
740 0 |a vLex Libros (Servicios en ln̕ea) 
856 4 0 |u http://vlex.com/source/1994  |z Acceso restringido 
942 |c BOOK